Score 0/27 Timer 05:00
21 Plays Today
% Correct
Gustavo 'Gus' Fring
91.3%
Hector 'Tio' Salamanca
90.6%
Tuco Salamanca
89.9%
Domingo 'Krazy 8' Molina
89.3%
Tortuga
86.2%
Christian 'Combo' Ortega
85.8%
Mike Ehrmantraut
85.5%
Hank Schrader
85%
Walter White
83.5%
Gale Boetticher
82.8%
'Uncle' Jack
82.8%
Steven 'Gomie' Gomez
81%
Spooge
79.1%
Victor
79.1%
% Correct
Maximino 'Max' Arciniega
78.5%
No-Doze
78.1%
Jane Margolis
78.1%
Emilio Koyama
77.5%
Gonzo
77.3%
Todd Alquist
76.5%
Tomas Cantillo
74.8%
Tyrus
74.6%
Andrea Cantillo
72.6%
Declan
71%
Duane Chow
69.4%
Drew Sharp
67%
Peter Schuler
60.3%
Remove Ads.
Support Sporcle.
Get the best of Sporcle when you Go Orange. This ad-free experience offers more features, more stats, and more fun while also helping to support Sporcle. Thank you for becoming a member.

You're not logged in!

Compare scores with friends on all Sporcle quizzes.
OR
Log In

Show Comments

Extras

Top Quizzes Today


Score Distribution

Your Account Isn't Verified!

In order to create a playlist on Sporcle, you need to verify the email address you used during registration. Go to your Sporcle Settings to finish the process.

Report this User

Report this user for behavior that violates our Community Guidelines.

Details: